000 006770000a22002050004500
020 _a84-7151-625-X
041 0 _aSPA
082 0 4 _aG 296.12 C8672r
100 1 _aCousin, Hugues (1942- )
245 1 0 _aRelatos de milagros en los textos judíos y paganos / Hugues Cousin; Nicolás Darrical, Traductor
260 _aEstella,Navarra, España : Verbo Divino
300 _a83 Pag
440 0 _aColección Documentos en torno a la Biblia; No. 17
500 _aTítulo original : Récits de miracles en milieux juif et païen
001 9039
942 _cBK
999 _c39124
_d39124
336 _atexto
_btxt
_2rdacontent
337 _2rdamedia
_asin mediación
_bn
338 _2rdacarrier
_avolumen
_bnc